| 000 | 00633nam a2200181 a 4500 | ||
|---|---|---|---|
| 001 | 000032306 | ||
| 005 | 20200930063614.0 | ||
| 008 | 110714s1955 dr c 000 0 spa d | ||
| 040 |
_aDO-SdBNP _bspa _cBNPHU |
||
| 082 |
_axxx _bM491m |
||
| 100 | 1 |
_aMedina, Loweski _958329 |
|
| 245 | 1 | 0 |
_aMomentos líricos / _cLoweski Medina ; portico Esthervina Matos. |
| 260 |
_aCiudad Trujillo, República Dominicana : _bImprenta San Francisco, _c1955. |
||
| 300 |
_a94 p. : ; _cretr. ; _c24 cm. |
||
| 500 | _aPoemario publicado con motivo del XXV Aniversario de la Gloriosa Era de Trujillo | ||
| 700 | 1 |
_aMatos, Esthervina _925500 |
|
| 049 | _aBNPD | ||
| 999 |
_c31797 _d31797 |
||